Science Quiz

Random Science or Math Quiz

Click the Unit Circle Quiz Stats

 Plays Quiz Updated Mar 14, 2018

Challenge
Share
Tweet
Score 0/16 Timer 02:00
36 Plays Today
% Correct
0
80.7%
π
79.9%
π|4
78.3%
π|6
77.8%
π|2
76.7%
11π|6
76.2%
π|3
75.1%
2π|3
71.2%
% Correct
3π|4
69%
5π|6
66.7%
7π|4
66.3%
3π|2
66.2%
5π|4
65.8%
7π|6
65.5%
4π|3
59.2%
5π|3
58.1%

You're not logged in!

Compare scores with friends on all Sporcle quizzes.
Join for Free
OR
Log In

You Might Also Like...

Show Comments

Extras

Top Quizzes Today


Score Distribution

Your Account Isn't Verified!

In order to create a playlist on Sporcle, you need to verify the email address you used during registration. Go to your Sporcle Settings to finish the process.

Report this User

Report this user for behavior that violates our Community Guidelines.

Details: